Aspects nouveaux de la pensée juridique: recueil d'études en hommage à Marc Ancel

Saved in:  
Bibliographic Details
Contributors: Ancel, Marc 1902-1990 (Honoree)
Format: Print Book
Language:French
Published: Paris Pedone 1975-1975
In:Year: 1975
Availability in Tübingen:Present in Tübingen.
UB: KB 4 A 908
Check availability: HBZ Gateway
Subito Delivery Service: Order now.
Volumes / Articles:Show volumes/articles.
Keywords:

MARC

LEADER 00000cam a2200000 ca4500
001 1074566777
003 DE-627
005 20260206195840.0
007 tu
008 850101m19751975xx ||||| 00| ||fre c
035 |a (DE-627)1074566777 
035 |a (DE-603)031648657 
035 |a (DE-576)004566777 
035 |a (DE-599)BSZ004566777 
035 |a (OCoLC)01977259 
040 |a DE-627  |b ger  |c DE-627  |e rakwb 
041 |a fre 
082 0 |a 340.0944  |q LoC  |2 DDCoclc 
245 0 0 |a Aspects nouveaux de la pensée juridique  |b recueil d'études en hommage à Marc Ancel 
246 3 0 |a Festschrift Marc Ancel 
264 1 |a Paris  |b Pedone  |c 1975-1975 
336 |a Text  |b txt  |2 rdacontent 
337 |a ohne Hilfsmittel zu benutzen  |b n  |2 rdamedia 
338 |a Band  |b nc  |2 rdacarrier 
655 7 |a Festschrift  |0 (DE-588)4016928-5  |0 (DE-627)104400986  |0 (DE-576)208917802  |2 gnd-content 
700 1 |a Ancel, Marc  |d 1902-1990  |e GefeierteR  |0 (DE-588)119286823  |0 (DE-627)080092829  |0 (DE-576)21193528X  |4 hnr 
935 |h HEB  |i 0501 
935 |h HEB  |i 0503 
936 s n |a p100  |2 mzub 
951 |a MC 
ELC |b 1 
LOK |0 000 xxxxxcx a22 zn 4500 
LOK |0 001 2034556704 
LOK |0 003 DE-627 
LOK |0 004 1074566777 
LOK |0 005 20020606000000 
LOK |0 008 910607||||||||||||||||ger||||||| 
LOK |0 040   |a DE-21  |c DE-627  |d DE-21 
LOK |0 852   |a DE-21 
LOK |0 852 1  |c KB 4 A 908  |9 00 
LOK |0 935   |a krim 
LOK |0 936ln  |a k2.4 
LOK |0 939   |a 07-06-91  |b l01 
LOK |0 000 xxxxxcx a22 zn 4500 
LOK |0 001 2034556712 
LOK |0 003 DE-627 
LOK |0 004 1074566777 
LOK |0 005 20100508051419 
LOK |0 008 970312||||||||||||||||ger||||||| 
LOK |0 040   |a DE-21-24  |c DE-627  |d DE-21-24 
LOK |0 689   |a s  |a Ancel, Marc 
LOK |0 852   |a DE-21-24 
LOK |0 852 1  |c L,Ib,86  |m p  |9 00 
LOK |0 936ln  |a L,Ib, 
LOK |0 938   |k p 
LOK |0 939   |a 12-03-97  |b l01 
LOK |0 000 xxxxxcx a22 zn 4500 
LOK |0 001 2034556623 
LOK |0 003 DE-627 
LOK |0 004 1074566777 
LOK |0 005 19991201000000 
LOK |0 008 991201||||||||||||||||ger||||||| 
LOK |0 040   |a DE-Frei85  |c DE-627  |d DE-Frei85 
LOK |0 852   |a DE-Frei85 
LOK |0 852 1  |m p  |9 00 
LOK |0 938   |k p 
LOK |0 939   |a 01-12-99  |b l01 
ORI |a WA-MARC-krimdokb001.raw 
SIG |a UB: KB 4 A 908 
SPR |a 1  |t KRI